000 00581nam a22002177a 4500
999 _c21901
_d21901
003 OSt
005 20210913144956.0
008 170202b xxu||||| |||| 00| 0 eng d
020 _a0781716373
040 _aMMU
_beng
_cMMU
_dMMU
050 _aRM301.28.S34 2000
100 _aRoach, Sally S.
245 _aIntroductory clinical pharmacology/
_cSally S.Roach
250 _a6th ed.
260 _aNew York:
_bLippincott,
_c2000.
300 _aviii,615 p. :
500 _aincludes index
650 _apharmacology
700 _aJeanne C.Scherer
942 _2lcc
_cLOAN LOAN
_e6th ed.